[Event "Kieler Open 2015 Gruppe A"]
[Site "Kiel"]
[Date "2015.07.26"]
[Round "4.14"]
[White "Haffner, Alexander"]
[Black "Quiring, Nikolai"]
[Result "1-0"]
[WhiteElo "2136"]
[BlackElo "2060"]
[PlyCount "117"]
[EventDate "2015.??.??"]
[WhiteTeam "SK Doppelbauer Kiel"]
[BlackTeam "SV VHS Rendsburg"]

1. d4 e6 2. Nf3 f5 3. g3 b6 4. Bg2 Bb7 5. c4 Nf6 6. O-O Be7 7. Nc3 Ne4 8. Nxe4
Bxe4 9. Bd2 O-O 10. Rc1 Bf6 11. b4 Nc6 12. e3 g5 13. Ne1 Bxg2 14. Nxg2 Qe8 15.
b5 Ne7 16. Bb4 Qf7 17. Qf3 Rfc8 18. Bxe7 Qxe7 19. c5 d6 20. cxd6 cxd6 21. g4 f4
22. Rc6 d5 23. Rfc1 Rxc6 24. bxc6 Qa3 25. Qd1 fxe3 26. fxe3 Rc8 27. Qd2 Rc7 28.
Ne1 Qd6 29. Qc2 Kg7 30. Nf3 h6 31. Qc3 h5 32. gxh5 Kh6 33. Ne5 Bxe5 34. dxe5
Qd8 35. Rf1 Kxh5 36. Qd3 Qg8 37. Qe2+ g4 38. Rc1 Qg5 39. h3 Kh4 40. Qf2+ g3 41.
Qf6 Kh5 42. Qf8 Kg6 43. Qg8+ Kh5 44. Qe8+ Qg6 45. Qh8+ Qh6 46. Qxh6+ Kxh6 47.
Kg2 Kg5 48. Kxg3 Kf5 49. h4 Kxe5 50. h5 Kf6 51. Kg4 e5 52. h6 Kg6 53. h7 Kxh7
54. Kf5 d4 55. Kxe5 dxe3 56. Kd6 Rc8 57. c7 Kg6 58. Re1 Re8 59. Kd7 1-0

[Event "Kieler Open 2015 Gruppe A"]
[Site "Kiel"]
[Date "2015.07.26"]
[Round "4.15"]
[White "Berenstein, Alexander"]
[Black "Friedel, Marcus"]
[Result "0-1"]
[WhiteElo "2030"]
[BlackElo "2121"]
[PlyCount "70"]
[EventDate "2015.??.??"]
[WhiteTeam "SV Rendsburg"]
[BlackTeam "SK Ettlingen"]

1. d4 d5 2. c4 c6 3. Nf3 Nf6 4. g3 Bg4 5. Ne5 Bf5 6. Qb3 Qb6 7. c5 Qxb3 8. axb3
Nbd7 9. Nxd7 Nxd7 10. Nc3 e5 11. e3 g6 12. Be2 Bg7 13. Ra4 b5 14. Nxb5 cxb5 15.
Bxb5 Be4 16. O-O Kd8 17. Bc6 Rc8 18. Bxd7 Kxd7 19. Rxa7+ Rc7 20. Rxc7+ Kxc7 21.
f3 Bc2 22. dxe5 Bxe5 23. b4 Rb8 24. Rf2 Bb3 25. f4 Bf6 26. g4 Rxb4 27. g5 Be7
28. Bd2 Re4 29. Kg2 Bxc5 30. Kf3 Bd1+ 31. Kg3 Bxe3 32. Rf1 Bxd2 33. Rxd1 Bxf4+
34. Kf3 Kd6 35. h4 Be5 0-1

[Event "Kieler Open 2015 Gruppe A"]
[Site "Kiel"]
[Date "2015.07.26"]
[Round "4.16"]
[White "Horn, Peter"]
[Black "Pluska, Alexander"]
[Result "1-0"]
[WhiteElo "2110"]
[BlackElo "2030"]
[PlyCount "101"]
[EventDate "2015.??.??"]
[WhiteTeam "SCC Palame"]
[BlackTeam "SK Doppelbauer Kiel"]

1. c4 Nf6 2. Nc3 e6 3. e4 b5 4. cxb5 Bb7 5. d3 Bb4 6. a3 Ba5 7. b4 Bb6 8. Nf3
d6 9. Be2 Nbd7 10. O-O O-O 11. a4 Ne5 12. Be3 Nfg4 13. Bxb6 cxb6 14. d4 Ng6 15.
Nd2 Nf6 16. g3 Rc8 17. Rc1 Rc7 18. Qb3 Qa8 19. f3 Qd8 20. Rc2 Nd7 21. Nd1 Rxc2
22. Qxc2 Qf6 23. Qd3 Rc8 24. Ne3 Qd8 25. Nb3 Ne7 26. Rc1 d5 27. e5 Rxc1+ 28.
Nxc1 Qc7 29. Nb3 Nf8 30. f4 Bc8 31. Qd2 Nf5 32. Nd1 g6 33. Bd3 h5 34. Kf2 Kg7
35. h3 h4 36. g4 Ng3 37. Qc3 Qe7 38. Ne3 Bb7 39. Nd2 g5 40. f5 Nh7 41. a5 Kh6
42. a6 Ba8 43. Ndf1 Nxf1 44. Kxf1 Qd7 45. Ke2 Nf8 46. Kd2 Qd8 47. Kc2 Nd7 48.
Qe1 Qc7+ 49. Kb3 Nxe5 50. dxe5 Qxe5 51. fxe6 1-0

[Event "Kieler Open 2015 Gruppe A"]
[Site "Kiel"]
[Date "2015.07.26"]
[Round "4.17"]
[White "Neumann, Frank"]
[Black "Voelzke, Ferdinand"]
[Result "0-1"]
[WhiteElo "2027"]
[BlackElo "2149"]
[PlyCount "120"]
[EventDate "2015.??.??"]
[WhiteTeam "SC Agon Neumünster"]
[BlackTeam "SG Turm Kiel"]

1. d4 Nf6 2. Nf3 d6 3. c4 Nbd7 4. Nc3 e5 5. e4 Be7 6. Be2 O-O 7. O-O c6 8. d5
Nc5 9. Qc2 cxd5 10. cxd5 a5 11. Nd2 Bd7 12. Nb3 b6 13. Nxc5 bxc5 14. Bb5 Ne8
15. Bxd7 Qxd7 16. f4 exf4 17. Bxf4 Bf6 18. Rae1 Bd4+ 19. Kh1 f6 20. Ne2 Be5 21.
Bxe5 fxe5 22. Rxf8+ Kxf8 23. Rf1+ Kg8 24. Nc3 Nf6 25. a4 Rf8 26. Nb5 Qd8 27.
Kg1 Qb6 28. Qf2 g6 29. g3 Qd8 30. Qe2 Kg7 31. Kg2 Qe7 32. h3 Rc8 33. Rc1 h6 34.
Rc3 h5 35. Rb3 Rd8 36. Na3 h4 37. g4 Nh7 38. Nc4 Ng5 39. Rb6 Qf6 40. Qf1 Qxf1+
41. Kxf1 Nxe4 42. Nxa5 Ra8 43. Rb5 Kf6 44. b3 Nc3 45. Rb6 Rxa5 46. Rxd6+ Ke7
47. Re6+ Kd7 48. Rxg6 Nxd5 49. Rh6 Ra8 50. Rxh4 Rb8 51. g5 Rxb3 52. Re4 Ke6 53.
h4 Kf5 54. Re2 Nf4 55. Rc2 Rb1+ 56. Kf2 Rh1 57. Ke3 Rh3+ 58. Kd2 Ne6 59. Rc4 e4
60. a5 Rxh4 0-1

[Event "Kieler Open 2015 Gruppe A"]
[Site "Kiel"]
[Date "2015.07.26"]
[Round "4.18"]
[White "Wanner, Lukas"]
[Black "Zuse, Peter"]
[Result "1-0"]
[WhiteElo "1944"]
[BlackElo "2256"]
[PlyCount "91"]
[EventDate "2015.??.??"]
[WhiteTeam "SK Doppelbauer Kiel"]
[BlackTeam "Klub Kölner SF"]

1. d4 Nf6 2. Nf3 g6 3. e3 Bg7 4. c4 O-O 5. Be2 c5 6. d5 e6 7. O-O b5 8. dxe6
fxe6 9. cxb5 a6 10. bxa6 Nc6 11. a4 Bxa6 12. Nc3 d5 13. Ra3 Bb7 14. Qc2 Qe7 15.
Re1 Nb4 16. Qb1 e5 17. Nb5 Kh8 18. Nd2 e4 19. Nb3 Nd7 20. Bd2 Nd3 21. Bxd3 exd3
22. Na5 Ne5 23. Nxb7 Qxb7 24. b3 c4 25. b4 Qxb5 26. axb5 Rxa3 27. f4 Nd7 28.
Qd1 Rfa8 29. e4 Bd4+ 30. Kf1 c3 31. Bc1 Ra2 32. Qf3 Rf2+ 33. Qxf2 Bxf2 34. Kxf2
Ra2+ 35. Ke3 dxe4 36. Kd4 Re2 37. Rd1 d2 38. Kxc3 dxc1=Q+ 39. Rxc1 Rxg2 40. Rd1
Nb6 41. Rd6 g5 42. fxg5 Rxg5 43. Rxb6 e3 44. Re6 Rxb5 45. Rxe3 Kg7 46. Rf3 1-0

[Event "Kieler Open 2015 Gruppe A"]
[Site "Kiel"]
[Date "2015.07.26"]
[Round "4.19"]
[White "Buchholz, Sebastian"]
[Black "Möller, Dustin"]
[Result "1-0"]
[WhiteElo "2143"]
[BlackElo "1947"]
[PlyCount "49"]
[EventDate "2015.??.??"]
[WhiteTeam "SK Doppelbauer Kiel"]
[BlackTeam "Eckernförder SC"]

1. Nf3 Nf6 2. c4 c5 3. g3 Nc6 4. Bg2 d5 5. cxd5 Nxd5 6. Nc3 e5 7. O-O Nc7 8. a3
Be6 9. Rb1 c4 10. Qa4 f6 11. d3 cxd3 12. Rd1 Na6 13. Nxe5 fxe5 14. Bxc6+ bxc6
15. Qxc6+ Kf7 16. Qxa6 dxe2 17. Qxe2 Qf6 18. Ne4 Qf5 19. Ng5+ Kg6 20. Nxe6 Qxe6
21. Qe4+ Qf5 22. Qxa8 Qxb1 23. Qe8+ Kf5 24. Qf7+ Ke4 25. f3# 1-0

[Event "Kieler Open 2015 Gruppe A"]
[Site "Kiel"]
[Date "2015.07.26"]
[Round "4.20"]
[White "Bosselmann, Tom Linus"]
[Black "Homuth, Manfred"]
[Result "0-1"]
[WhiteElo "1701"]
[BlackElo "2142"]
[PlyCount "60"]
[EventDate "2015.??.??"]
[WhiteTeam "Lübecker SV"]
[BlackTeam "Eckernförder SC"]

1. e4 c5 2. d4 cxd4 3. c3 dxc3 4. Nxc3 Nc6 5. Nf3 d6 6. Bc4 a6 7. O-O Nf6 8.
Qe2 Bg4 9. Rd1 e6 10. Bf4 e5 11. Bg3 Be7 12. Qe3 O-O 13. Rd2 Bxf3 14. Qxf3 Nd4
15. Qd1 Rc8 16. Bd5 Nxd5 17. Nxd5 Bg5 18. f4 Bh6 19. Bf2 Ne6 20. Qg4 exf4 21.
h4 Rc6 22. e5 dxe5 23. Rad1 f5 24. Qh5 f3 25. Ne3 Nd4 26. Rd3 Qd7 27. Nf1 fxg2
28. Nh2 Rg6 29. Bxd4 exd4 30. Rxd4 Be3# 0-1

[Event "Kieler Open 2015 Gruppe A"]
[Site "Kiel"]
[Date "2015.07.26"]
[Round "4.21"]
[White "Pick, Stefan"]
[Black "Lehr, Thomas"]
[Result "1-0"]
[WhiteElo "2101"]
[BlackElo "1939"]
[PlyCount "51"]
[EventDate "2015.??.??"]
[WhiteTeam "SK Kerpen"]
[BlackTeam "Husumer SV"]

1. d4 Nf6 2. Nf3 d6 3. Nc3 Bf5 4. Bg5 Nbd7 5. Nh4 Bg6 6. Nxg6 hxg6 7. e4 c6 8.
Qd2 Qa5 9. f3 e6 10. a3 Be7 11. b4 Qc7 12. Be2 Nh7 13. Bxe7 Kxe7 14. d5 cxd5
15. exd5 e5 16. Nb5 Qb6 17. c4 a6 18. Nc3 f5 19. Rc1 Rac8 20. Na4 Qa7 21. c5 b5
22. Nc3 dxc5 23. d6+ Kd8 24. Nd5 c4 25. Ne7 Ra8 26. Nc6+ 1-0

[Event "Kieler Open 2015 Gruppe A"]
[Site "Kiel"]
[Date "2015.07.26"]
[Round "4.22"]
[White "Sieweck, Philipp"]
[Black "Rieper, Julian"]
[Result "1/2-1/2"]
[WhiteElo "2076"]
[BlackElo "1906"]
[PlyCount "77"]
[EventDate "2015.??.??"]
[WhiteTeam "SG Turm Kiel"]
[BlackTeam "SK Doppelbauer Kiel"]

1. e4 e5 2. Bc4 Nc6 3. Nf3 Nf6 4. d3 Be7 5. O-O O-O 6. Re1 d6 7. c3 Na5 8. Bb5
a6 9. Ba4 b5 10. Bc2 c5 11. Nbd2 Re8 12. Nf1 h6 13. a4 Bd7 14. Ng3 Bf8 15. d4
Qc7 16. Bd2 g6 17. axb5 axb5 18. b3 Bg7 19. h3 Nc6 20. dxc5 dxc5 21. Qe2 Ra7
22. Be3 Rxa1 23. Rxa1 Na5 24. Qd2 Kh7 25. Rd1 Be6 26. Qe2 Rb8 27. Rb1 b4 28.
cxb4 cxb4 29. Ne1 Nd7 30. Nf1 Nc6 31. Nd2 Nd4 32. Qd1 Nxc2 33. Qxc2 Qc3 34. Rc1
Rc8 35. Qxc3 bxc3 36. Nb1 f5 37. Rxc3 Rxc3 38. Nxc3 Bxb3 39. f3 1/2-1/2

[Event "Kieler Open 2015 Gruppe A"]
[Site "Kiel"]
[Date "2015.07.26"]
[Round "4.23"]
[White "Janse, Sebastian"]
[Black "Lorenzen, Jan-Hendrik"]
[Result "1/2-1/2"]
[WhiteElo "1686"]
[BlackElo "2018"]
[PlyCount "28"]
[EventDate "2015.??.??"]
[WhiteTeam "Klim-op Rotterdam"]
[BlackTeam "SC Agon Neumünster"]

1. e4 e6 2. d4 d5 3. Nd2 Nf6 4. Bd3 c5 5. c3 Nc6 6. Ngf3 cxd4 7. cxd4 Qb6 8.
O-O Be7 9. Re1 O-O 10. e5 Nd7 11. Nb3 f5 12. Bg5 Qd8 13. Qd2 h6 14. Bxe7 Qxe7
1/2-1/2

[Event "Kieler Open 2015 Gruppe A"]
[Site "Kiel"]
[Date "2015.07.26"]
[Round "4.24"]
[White "Weber, Benedikt"]
[Black "Sommer, Stefan"]
[Result "1-0"]
[WhiteElo "2009"]
[BlackElo "1729"]
[PlyCount "43"]
[EventDate "2015.??.??"]
[WhiteTeam "Reideburger SV"]
[BlackTeam "SV RUGIA Bergen"]

1. e4 e5 2. Nf3 Nc6 3. Bb5 a6 4. Ba4 Nf6 5. O-O b5 6. Bb3 Be7 7. Re1 O-O 8. h3
Bb7 9. d3 d6 10. a3 Nd7 11. Nc3 Kh8 12. Nd5 h6 13. Ne3 Nc5 14. Bd5 Qe8 15. Nf5
Bf6 16. Qd2 Nd7 17. Nxh6 gxh6 18. Qxh6+ Kg8 19. Ng5 Bxg5 20. Qxg5+ Kh8 21. Qh6+
Kg8 22. Re3 1-0

[Event "Kieler Open 2015 Gruppe A"]
[Site "Kiel"]
[Date "2015.07.26"]
[Round "4.25"]
[White "Thormeier, Johannes"]
[Black "Schäfer, Martin"]
[Result "0-1"]
[WhiteElo "1432"]
[BlackElo "1978"]
[PlyCount "62"]
[EventDate "2015.??.??"]
[WhiteTeam "SC Wolfsburg"]
[BlackTeam "Kieler SG"]

1. c4 Nf6 2. g3 e6 3. Bg2 d5 4. b3 Be7 5. Bb2 O-O 6. Nf3 c5 7. d4 dxc4 8. bxc4
Nc6 9. O-O cxd4 10. Nxd4 Nxd4 11. Qxd4 Qxd4 12. Bxd4 Rd8 13. e3 Ne8 14. Nd2 e5
15. Bc3 f6 16. Nb3 Rb8 17. Rad1 Be6 18. Bd5 Bxd5 19. cxd5 e4 20. f3 f5 21. Be5
Bd6 22. f4 Nc7 23. Nd4 Bxe5 24. fxe5 Rxd5 25. Nxf5 Rxe5 26. Nxg7 Nd5 27. Rxd5
Rxd5 28. Ne6 Rd2 29. Nf4 Rbd8 30. Rc1 Rd1+ 31. Rxd1 Rxd1+ 0-1

[Event "Kieler Open 2015 Gruppe A"]
[Site "Kiel"]
[Date "2015.07.26"]
[Round "4.26"]
[White "Lippmann, Kai"]
[Black "Reinhardt, Johannes"]
[Result "1/2-1/2"]
[WhiteElo "1971"]
[BlackElo "1875"]
[PlyCount "132"]
[EventDate "2015.??.??"]
[WhiteTeam "Raisdorfer SG"]
[BlackTeam "SV Bad Schwartau"]

1. c4 Nf6 2. Nc3 c5 3. g3 g6 4. Bg2 Bg7 5. e3 Nc6 6. Nge2 e6 7. O-O O-O 8. Nf4
d6 9. a3 a6 10. Rb1 Qc7 11. d3 Bd7 12. b4 cxb4 13. axb4 Ne7 14. Qb3 Bc6 15. b5
Bxg2 16. Kxg2 b6 17. bxa6 Rxa6 18. Ba3 Rfa8 19. Nb5 Qc6+ 20. Kg1 Nc8 21. Bb4 g5
22. Ne2 Qf3 23. Ned4 Qh5 24. Kg2 Ra2 25. h3 e5 26. Nf5 g4 27. Nh4 gxh3+ 28.
Kxh3 Qg4+ 29. Kg2 Nh5 30. Rb2 Ra1 31. Rxa1 Rxa1 32. Rb1 Rxb1 33. Qxb1 Bf6 34.
Nf3 Qe6 35. Nc7 Qd7 36. Nd5 Bg7 37. Qa2 Nf6 38. Qa8 Nxd5 39. Qxd5 Bf6 40. Nd2
Be7 41. Ne4 Qe6 42. Qa8 Kg7 43. Nc3 f5 44. Nd5 Qd7 45. Qb8 Qc6 46. Kg1 Kf7 47.
Kh2 e4 48. dxe4 fxe4 49. Qc7 Qxc7 50. Nxc7 Na7 51. Kh3 Nc6 52. Nd5 Nxb4 53.
Nxb4 Ke6 54. Nd5 Bd8 55. Kg4 Ke5 56. Nc3 Bf6 57. Kh5 Bd8 58. Kh6 Kf5 59. Kxh7
Kg4 60. Nxe4 Kf3 61. Nxd6 Kxf2 62. Nf5 Kf3 63. Kg6 Ke4 64. g4 Kd3 65. Nd6 Kxe3
66. Kf5 Bg5 1/2-1/2

[Event "Kieler Open 2015 Gruppe A"]
[Site "Kiel"]
[Date "2015.07.26"]
[Round "4.27"]
[White "Schumacher, Horst"]
[Black "Boyens, Birger"]
[Result "0-1"]
[WhiteElo "1815"]
[BlackElo "1969"]
[PlyCount "62"]
[EventDate "2015.??.??"]
[WhiteTeam "TuS Holtenau"]
[BlackTeam "Husumer SV"]

1. e4 c5 2. d4 cxd4 3. c3 d5 4. exd5 Qxd5 5. cxd4 Nc6 6. Be3 e5 7. Nc3 Bb4 8.
dxe5 Qxe5 9. Nge2 Be6 10. Bd4 Qg5 11. a3 Nxd4 12. Qxd4 Rd8 13. f4 Qh4+ 14. g3
Rxd4 15. gxh4 Bxc3+ 16. bxc3 Ra4 17. Bg2 Ke7 18. Bxb7 Nf6 19. Bf3 Rb8 20. Kf2
Rb2 21. Kg3 Ba2 22. Nd4 Rxa3 23. Nc6+ Kd6 24. Nb4 Ne4+ 25. Bxe4 Rxb4 26. Bf3
Rb2 27. Rhd1+ Kc5 28. Rd3 Rc2 29. Bd5 Rcxc3 30. Rc1 Rxc1 31. Rxa3 Bxd5 0-1

[Event "Kieler Open 2015 Gruppe A"]
[Site "Kiel"]
[Date "2015.07.26"]
[Round "4.28"]
[White "Zimmermann, Manfred"]
[Black "Wegemund, Hubert"]
[Result "1/2-1/2"]
[WhiteElo "1957"]
[BlackElo "1873"]
[PlyCount "62"]
[EventDate "2015.??.??"]
[WhiteTeam "Kieler SG"]
[BlackTeam "SK Norderstedt"]

1. d4 f5 2. Nc3 Nf6 3. Bg5 d5 4. e3 e6 5. Nf3 h6 6. Bf4 c6 7. Ne5 Bb4 8. Bd3 g5
9. Bg3 Qa5 10. Qd2 Nh5 11. Be2 Nxg3 12. hxg3 Nd7 13. Bh5+ Kf8 14. Ng6+ Kg7 15.
Nxh8 Kxh8 16. Be2 Kg7 17. a3 Nf6 18. Bd3 Bd7 19. O-O-O Bxc3 20. Qxc3 Qxc3 21.
bxc3 b5 22. Kd2 c5 23. f3 c4 24. Be2 Re8 25. Ke1 Kg6 26. Kf2 Kg7 27. Rc1 Kg6
28. Ra1 Kg7 29. Bf1 Kg6 30. Be2 Kg7 31. Rhe1 Kg6 1/2-1/2

[Event "Kieler Open 2015 Gruppe A"]
[Site "Kiel"]
[Date "2015.07.26"]
[Round "4.29"]
[White "Janse, Alexander"]
[Black "Gutschenreiter, Dorian"]
[Result "1-0"]
[WhiteElo "1936"]
[BlackElo "1865"]
[PlyCount "75"]
[EventDate "2015.??.??"]
[WhiteTeam "Klim-op Rotterdam"]
[BlackTeam "Flensburger SK"]

1. Nf3 Nf6 2. g3 d6 3. Bg2 g6 4. O-O Bg7 5. Re1 O-O 6. e4 e5 7. c3 Nc6 8. d4
Re8 9. Nbd2 Nh5 10. Nb3 f5 11. exf5 Bxf5 12. Nh4 Bd7 13. Bd5+ Kf8 14. dxe5 Rxe5
15. Rxe5 Bxe5 16. Bh6+ Bg7 17. Qd2 Be8 18. Re1 Bf7 19. Bxf7 Kxf7 20. Nf3 Bxh6
21. Qxh6 Nf6 22. Ng5+ Kg8 23. Re6 Qf8 24. Qh3 Re8 25. Nd2 Rxe6 26. Qxe6+ Kg7
27. Nde4 h6 28. Nxf6 Qxf6 29. Qd7+ Qe7 30. Qxe7+ Nxe7 31. Ne6+ Kf6 32. Nxc7 a6
33. f4 Kf5 34. Kf2 g5 35. Kf3 gxf4 36. gxf4 h5 37. c4 Nc6 38. Ne8 1-0

[Event "Kieler Open 2015 Gruppe A"]
[Site "Kiel"]
[Date "2015.07.26"]
[Round "4.30"]
[White "Wunderlich, Matthias"]
[Black "Müller, Winus"]
[Result "0-1"]
[WhiteElo "1730"]
[BlackElo "1927"]
[PlyCount "92"]
[EventDate "2015.??.??"]
[WhiteTeam "BSV-KW Jänschwalde"]
[BlackTeam "SG Plöner See"]

1. Nc3 e6 2. d4 Nf6 3. e4 Bb4 4. Bd3 h6 5. Nf3 d5 6. e5 Ne4 7. Bd2 Nxd2 8. Qxd2
O-O 9. O-O c5 10. Qf4 cxd4 11. Nb5 a6 12. Nbxd4 Ba5 13. Ne2 Nc6 14. Ng3 f5 15.
Nh5 g5 16. Qg3 Bc7 17. Rfe1 Kh8 18. h4 Qe8 19. Nf6 Rxf6 20. hxg5 Rg6 21. Qh3
Kg7 22. Qh5 Qh8 23. g4 hxg5 24. Qxh8+ Kxh8 25. Kg2 Kg7 26. Rh1 Nxe5 27. gxf5
exf5 28. Nxe5 Bxe5 29. Rae1 Re6 30. Bxf5 Re8 31. Rh7+ Kf6 32. Bd3 Bf5 33. Rh6+
Kg7 34. Reh1 Bxd3 35. cxd3 Rh8 36. Rb6 Rxh1 37. Rxb7+ Kf6 38. Kxh1 Kf5 39. Kg2
Rb8 40. Ra7 Rxb2 41. Rxa6 Bd4 42. Ra4 Bxf2 43. Kf1 Be3 44. Ra8 Kg4 45. a4 Kf3
46. Rf8+ Bf4 0-1

[Event "Kieler Open 2015 Gruppe A"]
[Site "Kiel"]
[Date "2015.07.26"]
[Round "4.31"]
[White "Thesing, Ansgar"]
[Black "Götz, Dirk"]
[Result "1-0"]
[WhiteElo "1916"]
[BlackElo "1798"]
[PlyCount "65"]
[EventDate "2015.??.??"]
[WhiteTeam "SC Kreuzberg"]
[BlackTeam "TuS Holtenau"]

1. e4 e6 2. d4 d5 3. Nc3 Nf6 4. e5 Nfd7 5. f4 c5 6. Nf3 Nc6 7. Be3 cxd4 8. Nxd4
a6 9. Qd2 Be7 10. Be2 Nxd4 11. Bxd4 Bc5 12. Rd1 Bxd4 13. Qxd4 O-O 14. Bd3 Qb6
15. Qxb6 Nxb6 16. O-O Nd7 17. Rf3 Nc5 18. Ne2 b5 19. Nd4 Bb7 20. f5 Rae8 21. f6
gxf6 22. exf6 Nxd3 23. Rdxd3 Kh8 24. Rh3 e5 25. Rh6 Bc8 26. Nc6 Bf5 27. Rxd5
Be4 28. Rd6 Rc8 29. Nxe5 Rxc2 30. g4 Rg2+ 31. Kf1 Kg8 32. Rh5 Rc8 33. Rg5+ 1-0

[Event "Kieler Open 2015 Gruppe A"]
[Site "Kiel"]
[Date "2015.07.26"]
[Round "4.32"]
[White "Schulz, Toni"]
[Black "Karlisch, Moritz"]
[Result "1-0"]
[WhiteElo "1895"]
[BlackElo "1722"]
[PlyCount "59"]
[EventDate "2015.??.??"]
[WhiteTeam "ESV Lok Raw Cottbus"]
[BlackTeam "SK Doppelbauer Kiel"]

1. d4 d5 2. Nf3 Nf6 3. Bf4 Bf5 4. e3 c6 5. c4 e6 6. Nc3 dxc4 7. Bxc4 Nbd7 8.
O-O Be7 9. h3 Nb6 10. Be2 h6 11. a3 Nbd5 12. Bh2 O-O 13. Rc1 Nxc3 14. Rxc3 Ne4
15. Rb3 b6 16. Ne5 Bd6 17. f3 Bxe5 18. Bxe5 Nf6 19. e4 Bg6 20. Ba6 Qe8 21. Bb7
Rd8 22. Bc7 c5 23. Bxd8 Qxd8 24. dxc5 Qc7 25. c6 Rd8 26. Rd3 Rxd3 27. Qxd3 Kf8
28. Rd1 Ke7 29. Qd4 h5 30. Qb4+ 1-0

[Event "Kieler Open 2015 Gruppe A"]
[Site "Kiel"]
[Date "2015.07.26"]
[Round "4.33"]
[White "Helmich, Jörg"]
[Black "Werner, René"]
[Result "0-1"]
[WhiteElo "1704"]
[BlackElo "1885"]
[PlyCount "32"]
[EventDate "2015.??.??"]
[WhiteTeam "Regensb. Turnerschaft"]
[BlackTeam "Kieler SG"]

1. e4 c5 2. Nc3 d6 3. f4 Nc6 4. Nf3 Nf6 5. Bb5 Bd7 6. d3 g6 7. O-O Bg7 8. Bxc6
Bxc6 9. Bd2 O-O 10. Nh4 e6 11. f5 Nxe4 12. dxe4 Bd4+ 13. Kh1 Qxh4 14. fxg6 fxg6
15. Qe2 Be5 16. g4 b5 0-1

[Event "Kieler Open 2015 Gruppe A"]
[Site "Kiel"]
[Date "2015.07.26"]
[Round "4.34"]
[White "Saß, Patrick"]
[Black "Gutschenreiter, Donato"]
[Result "1/2-1/2"]
[WhiteElo "1878"]
[BlackElo "1639"]
[PlyCount "57"]
[EventDate "2015.??.??"]
[WhiteTeam "SV Bad Schwartau"]
[BlackTeam "Flensburger SK"]

1. f4 d5 2. Nf3 c5 3. b3 Nf6 4. Bb2 e6 5. e3 a6 6. Be2 Nc6 7. O-O Be7 8. d3 b5
9. a4 b4 10. Nbd2 O-O 11. e4 Bb7 12. exd5 exd5 13. Ne5 Re8 14. Ndf3 h6 15. Nxc6
Bxc6 16. Ne5 Bb7 17. Bh5 g6 18. Bf3 Qc7 19. f5 gxf5 20. Bh5 Nxh5 21. Qxh5 Bf6
22. Nxf7 Qxf7 23. Qxf7+ Kxf7 24. Rxf5 d4 25. Raf1 Re6 26. Rxc5 Kg6 27. Rc7 Rb8
28. Rd7 Re2 29. Rf2 1/2-1/2

[Event "Kieler Open 2015 Gruppe A"]
[Site "Kiel"]
[Date "2015.07.26"]
[Round "4.35"]
[White "Laufenburg, Frank"]
[Black "Rosenburg, Hauke"]
[Result "0-1"]
[WhiteElo "1746"]
[BlackElo "1862"]
[PlyCount "136"]
[EventDate "2015.??.??"]
[WhiteTeam "SC Bergen-Enkheim"]
[BlackTeam "SF Burg"]

1. Nf3 d5 2. b3 Nf6 3. Bb2 Bf5 4. e3 Nbd7 5. Be2 e6 6. O-O Be7 7. d3 O-O 8. Nh4
Bg6 9. Nxg6 hxg6 10. Nd2 c5 11. e4 Qc7 12. Bf3 Rfd8 13. Re1 d4 14. a4 Rac8 15.
Nc4 a6 16. a5 e5 17. Bg4 Nxg4 18. Qxg4 Nf6 19. Qg3 Bd6 20. Bc1 Qe7 21. Bg5 Bc7
22. Bxf6 gxf6 23. f3 Kg7 24. Kf2 Rh8 25. Ke2 Rh5 26. h3 f5 27. Rf1 f4 28. Qf2
f5 29. Rg1 Kf7 30. Ra4 fxe4 31. dxe4 Rd8 32. Kd3 Rg5 33. Raa1 Rg3 34. Qd2 Rh8
35. Qf2 Qd7 36. Rgb1 Qb5 37. Ra4 g5 38. Rg1 Rg8 39. Ke2 g4 40. hxg4 d3+ 41.
Kxd3 R8xg4 42. Kd2 Rg8 43. Kc1 Qc6 44. Nb6 Bxb6 45. axb6 Qxb6 46. Rc4 Rc8 47.
Qd2 Rd8 48. Qc3 Rd4 49. Rxc5 Rxe4 50. Rc7+ Kf6 51. Rh1 Qe3+ 52. Qxe3 Rxe3 53.
Rxb7 Rxg2 54. Rb6+ Kg5 55. Rf1 Rg3 56. Rxa6 Rexf3 57. Rxf3 Rxf3 58. Kd1 e4 59.
Ke2 Re3+ 60. Kd2 Rg3 61. b4 Rg2+ 62. Ke1 Rxc2 63. Rd6 e3 64. Rd3 Rb2 65. Kf1
Rxb4 66. Rd1 f3 67. Re1 Rb3 68. Rc1 Kf4 0-1

[Event "Kieler Open 2015 Gruppe A"]
[Site "Kiel"]
[Date "2015.07.26"]
[Round "4.36"]
[White "Isler, Benjamin"]
[Black "Schulz, Gerhard"]
[Result "1/2-1/2"]
[WhiteElo "1704"]
[BlackElo "1858"]
[PlyCount "53"]
[EventDate "2015.??.??"]
[WhiteTeam "Flensburger SK"]
[BlackTeam "VT Ludwigslust"]

1. b4 c6 2. e3 Qb6 3. c3 a5 4. Qb3 axb4 5. cxb4 e6 6. Bb2 Nf6 7. b5 c5 8. d3 d5
9. Nf3 Be7 10. a4 O-O 11. Nbd2 Nbd7 12. Qc3 Ne8 13. Qc2 Bf6 14. d4 c4 15. e4
Be7 16. e5 Qa5 17. Be2 Bb4 18. Bc1 Nc7 19. Ng5 g6 20. h4 Bc3 21. Bb2 Bxb2 22.
Qxb2 c3 23. Qc2 cxd2+ 24. Kd1 f6 25. h5 fxg5 26. hxg6 Rf5 27. Rxh7 1/2-1/2

[Event "Kieler Open 2015 Gruppe A"]
[Site "Kiel"]
[Date "2015.07.26"]
[Round "4.37"]
[White "Rosenkranz, Bernd-Christian"]
[Black "Rohmann, Volker"]
[Result "1/2-1/2"]
[WhiteElo "1708"]
[BlackElo "1841"]
[PlyCount "29"]
[EventDate "2015.??.??"]
[WhiteTeam "SV VHS Rendsburg"]
[BlackTeam "SVG Friedrichsort"]

1. c4 c5 2. g3 Nc6 3. Bg2 g6 4. e3 Bg7 5. Ne2 e6 6. Nbc3 Nge7 7. O-O O-O 8. b3
d5 9. cxd5 exd5 10. d4 cxd4 11. Nxd4 Nxd4 12. exd4 Be6 13. Be3 Rc8 14. Rc1 Qd7
15. Qd2 1/2-1/2

[Event "Kieler Open 2015 Gruppe A"]
[Site "Kiel"]
[Date "2015.07.26"]
[Round "4.39"]
[White "Riha, Peter"]
[Black "Kiep, Fabian"]
[Result "0-1"]
[WhiteElo "1787"]
[BlackElo "1703"]
[PlyCount "82"]
[EventDate "2015.??.??"]
[WhiteTeam "Schleswiger SV"]
[BlackTeam "SC Agon Neumünster"]

1. d4 d5 2. Bf4 Nf6 3. e3 e6 4. Nd2 c5 5. c3 b6 6. Ngf3 Nbd7 7. Bd3 Be7 8. Ne5
Nxe5 9. dxe5 Nd7 10. Qg4 g5 11. Nf3 h5 12. Qg3 h4 13. Qg4 gxf4 14. Qg7 Rf8 15.
exf4 Nb8 16. g3 Kd7 17. a4 a5 18. O-O Ba6 19. Bb5+ Nc6 20. Rfd1 Kc7 21. Qh7
hxg3 22. fxg3 Qe8 23. c4 dxc4 24. Rd2 Bxb5 25. axb5 Nb4 26. Rad1 Rd8 27. Ng5
Rxd2 28. Rxd2 Bxg5 29. fxg5 Rh8 30. Qg7 Qf8 31. Qf6 Nd5 32. Qf3 Qg7 33. Rxd5
exd5 34. Qxd5 Qg6 35. h4 Qe6 36. Qe4 Rd8 37. Qc6+ Qxc6 38. bxc6 c3 39. bxc3 a4
40. e6 fxe6 41. g6 a3 0-1

[Event "Kieler Open 2015 Gruppe A"]
[Site "Kiel"]
[Date "2015.07.26"]
[Round "4.40"]
[White "Wenske, Hardy"]
[Black "Röhl, Manfred"]
[Result "1/2-1/2"]
[WhiteElo "1786"]
[BlackElo "1826"]
[PlyCount "47"]
[EventDate "2015.??.??"]
[WhiteTeam "Kieler SG"]
[BlackTeam "SK Bremen-Nord"]

1. Nf3 d5 2. d4 Nf6 3. e3 Nbd7 4. Bd3 e6 5. Nbd2 Bd6 6. O-O O-O 7. c3 Re8 8. e4
e5 9. Qc2 g6 10. exd5 Nxd5 11. Nc4 exd4 12. Nxd6 cxd6 13. Nxd4 Ne5 14. Be4 Nb6
15. g3 d5 16. Bg2 Nc6 17. Nxc6 bxc6 18. b3 Ba6 19. c4 Rc8 20. Rd1 d4 21. Qd2 c5
22. Qa5 Bxc4 23. bxc4 Nxc4 24. Qxd8 1/2-1/2

[Event "Kieler Open 2015 Gruppe A"]
[Site "Kiel"]
[Date "2015.07.26"]
[Round "4.41"]
[White "Millgramm, Stephan"]
[Black "Friedel, Roland"]
[Result "1/2-1/2"]
[WhiteElo "1846"]
[BlackElo "1691"]
[PlyCount "62"]
[EventDate "2015.??.??"]
[WhiteTeam "Flensburger SK"]
[BlackTeam "SSC Rostock"]

1. e4 e6 2. d4 d5 3. Nc3 dxe4 4. Nxe4 Bd7 5. Nf3 Bc6 6. Bd3 Nd7 7. O-O Ngf6 8.
Nxf6+ Qxf6 9. Bg5 Bxf3 10. Bxf6 Bxd1 11. Bxg7 Bxg7 12. Rfxd1 c6 13. c3 O-O 14.
Re1 Rfe8 15. Re3 Rad8 16. Rae1 Nf6 17. h3 Rd6 18. g4 Red8 19. Bc2 a5 20. a4 Nd5
21. Re4 b6 22. g5 Ne7 23. h4 c5 24. dxc5 bxc5 25. h5 Rd2 26. R1e2 Rxe2 27. Rxe2
Rd5 28. f4 Nf5 29. h6 Bf8 30. Kf2 Ne7 31. Kf3 Nf5 1/2-1/2

[Event "Kieler Open 2015 Gruppe A"]
[Site "Kiel"]
[Date "2015.07.27"]
[Round "5.1"]
[White "Baramidze, David"]
[Black "Lanka, Zigurds"]
[Result "1/2-1/2"]
[WhiteElo "2596"]
[BlackElo "2419"]
[PlyCount "25"]
[EventDate "2015.??.??"]
[WhiteTeam "SV Hockenheim"]
[BlackTeam "TSV Schott Mainz"]

1. Nf3 Nf6 2. g3 g6 3. Bg2 Bg7 4. O-O c5 5. c4 O-O 6. Nc3 d5 7. cxd5 Nxd5 8. d4
cxd4 9. Nxd4 Nxc3 10. bxc3 Nc6 11. Nxc6 bxc6 12. Ba3 Bd7 13. Qc2 1/2-1/2